| 000 | 00343nam a22001337a 4500 | ||
|---|---|---|---|
| 020 | _a9788126513864 | ||
| 082 |
_222 _a621.3827520 |
||
| 100 | _aAgrawal, Govind P. | ||
| 245 | _aFiber-optic communication systems / | ||
| 250 | _a3rd. | ||
| 260 |
_aNew Delhi, _bJohn Wiley, _cc2011. |
||
| 300 |
_axvii, 546p. ; _bill. ; _c24 cm. |
||
| 942 |
_2ddc _cECE _05 |
||
| 999 |
_c374 _d374 |
||